Estatísticas para Praias do Rio de Janeiro

Clique aqui para jogar o quiz

Estatísticas Gerais

  • Esse quiz foi jogado 56 vezes
  • A pontuação média é 25 de 98

Estatísticas das Respostas

HintResposta% Correto
Zona SulCopacabanaCopacabana
98%
Zona OesteBarra da TijucaBarra
92%
Zona SulIpanemaIpanema
92%
Zona SulFlamengoFlamengo
88%
Zona SulGlóriaFlamengo
88%
Zona SulLeblonLeblon
84%
Zona SulBotafogoBotafogo
82%
Zona SulLemeLeme
80%
Zona SulUrcaUrca
80%
Zona OesteRecreioRecreio
76%
Zona OesteGrumariGrumari
74%
Zona SulIpanemaArpoador
68%
Zona SulSão ConradoSão Conrado
66%
Zona SulUrcaVermelha
66%
Zona SulVidigalVidigal
60%
Zona OesteGrumariPrainha
56%
Zona OesteSepetibaSepetiba
56%
Zona NorteGaleãoGaleão
52%
Zona OesteBarra da TijucaReserva
50%
Zona CentralPaquetáGaivotas / Ribeira
48%
Zona NorteRibeiraRibeira
48%
Zona NorteZumbiZumbi
46%
Zona NorteCocotáCocotá
44%
Zona OesteRecreioMacumba
44%
Zona OesteJoáJoatinga
42%
Zona NortePitangueirasPitangueiras
42%
Zona OesteRecreioPontal
40%
Zona NorteMaréRamos
40%
Zona NorteBancáriosBancários
36%
Zona NortePraia da BandeiraBandeira
36%
Zona SulIpanemaDiabo
34%
Zona SulCopacabanaDiabo
34%
Zona SulCopacabanaForte
34%
Zona OestePedra de GuaratibaPedra de Guaratiba
34%
Zona OesteBarra de GuaratibaBarra de Guaratiba
32%
Zona NorteJardim GuanabaraBica
24%
Zona NorteFreguesiaGuanabara
24%
Zona OesteGrumariAbricó
20%
Zona OesteRecreioSecreto
20%
Zona OesteGrumariFunda
18%
Zona SulGlóriaMarina da Glória
18%
Zona OesteBarra da TijucaAmores
16%
Zona CentralPaquetáMoreninha
16%
Zona OesteGrumariPerigoso
16%
Zona NorteCacuiaBrava
14%
Zona SulUrcaDentro
14%
Zona SulUrcaFora
14%
Zona OesteGuaratibaMarambaia
14%
Zona NorteCidade UniversitáriaFundão
12%
Zona SulSão ConradoPepino
12%
Zona SulLemeAnel
10%
Zona CentralPaquetáCidade
10%
Zona CentralPaquetáCoqueiro
10%
Zona NorteFreguesiaGrande
10%
Zona OesteGrumariMeio
10%
Zona OesteGuaratibaBrisa
8%
Zona CentralPaquetáCatimbau
8%
Zona CentralPaquetáGuarda / José Bonifácio
8%
Zona NorteMaréPiscinão de Ramos
8%
Zona OesteSepetibaRecôncavo
8%
Zona CentralPaquetáBatata
6%
Zona OesteSepetibaCardo
6%
Zona NorteMoneróDendê
6%
Zona CentralPaquetáGrossa
6%
Zona CentralPaquetáImbuca
6%
Zona OesteGrumariInferno
6%
Zona NorteCidade UniversitáriaAmendoeira
4%
Zona NorteFreguesiaBananal
4%
Zona OesteBarra de GuaratibaConchas
4%
Zona CentralPaquetáCoqueiros / Pintor Castagneto
4%
Zona CentralPaquetáIracema
4%
Zona CentralPaquetáSão Roque
4%
Zona OesteBarra de GuaratibaCanto
2%
Zona OestePedra de GuaratibaCapela
2%
Zona NorteBancáriosCongonhas do Campo
2%
Zona NorteRibeiraEngenhoca
2%
Zona CentralPaquetáFrades
2%
Zona NorteCacuiaGolfinho
2%
Zona NorteFreguesiaMoca
2%
Zona CentralCajuPombeba
2%
Zona OestePedra de GuaratibaPonta Grossa
2%
Zona NorteTauáRosa
2%
Zona NorteFreguesiaSaco do Pinhão
2%
Zona NorteGaleãoSão Bento
2%
Zona CentralPaquetáTamoios
2%
Zona NorteGaleãoTubiacanga
2%
Zona OestePedra de GuaratibaVenda Grande
2%
Zona OesteBarra da TijucaBarra - Alvorada
0%
Zona OesteBarra da TijucaBarra - Pepê
0%
Zona NorteJardim GuanabaraEngenho Velho
0%
Zona NorteGaleãoGalegos
0%
Zona NorteGaleãoItacolomi
0%
Zona CentralPaquetáJurubaíba
0%
Zona CentralPaquetáLameirão / Freire Junior
0%
Zona CentralPaquetáMoema
0%
Zona CentralPaquetáParque darke de mattos
0%
Zona OesteRecreioPiscina do Secreto
0%
Zona NorteFreguesiaQuilombo
0%

Distribuição das Pontuações

Percentil de Números Respondidos

Porcentagem de Pessoas com Cada Pontuação

Sua Pontuação Histórica

Você não jogou esse quiz